[Event "Rakovnik Regional-chT 1415"]
[Site "Rakovnik"]
[Date "2014.10.19"]
[Round "1.8"]
[White "Vaic, Miroslav"]
[Black "Vajcner, Jiri"]
[Result "1/2-1/2"]
[WhiteElo "1863"]
[BlackElo "1924"]
[PlyCount "30"]
[EventDate "2014.10.19"]
[EventType "team-tourn"]
[EventRounds "11"]
[EventCountry "CZE"]
[SourceTitle "EXT 2016"]
[Source "ChessBase"]
[SourceDate "2015.10.08"]
[SourceVersion "1"]
[SourceVersionDate "2015.10.08"]
[SourceQuality "1"]
[WhiteTeam "Uholicky"]
[BlackTeam "Lysa nad Labem IV"]
[WhiteTeamCountry "CZE"]
[BlackTeamCountry "CZE"]

1. e4 e5 2. Nf3 Nf6 3. Nc3 Nc6 4. Bb5 Bc5 5. Bxc6 dxc6 6. Nxe5 Bxf2+ 7. Kxf2 Qd4+ 8. Kf1 Qxe5 9. d4 Qa5 10. Kf2 Ng4+ 11. Kg1 Be6 12. h3 Nf6 13. e5 Nd5 14. Ne2 0-0 15. Kh2 Ne7 1/2-1/2

[Event "Czechia KP-chTB 0607"]
[Site "Czech Republic"]
[Date "2007.02.04"]
[Round "7.6"]
[White "Vajcner, Jiri"]
[Black "Pospech, Roman"]
[Result "1/2-1/2"]
[WhiteElo "1889"]
[BlackElo "1982"]
[PlyCount "38"]
[EventDate "2006.10.29"]
[EventType "team-tourn"]
[EventRounds "11"]
[EventCountry "CZE"]
[SourceTitle "EXT 2008"]
[Source "ChessBase"]
[SourceDate "2007.11.25"]
[SourceVersion "1"]
[SourceVersionDate "2007.11.25"]
[SourceQuality "1"]
[WhiteTeam "Lysa nad Labem"]
[BlackTeam "Ricany II"]
[WhiteTeamCountry "CZE"]
[BlackTeamCountry "CZE"]

1. e4 c5 2. Nf3 e6 3. d4 cxd4 4. Nxd4 a6 5. Nc3 Qc7 6. Bd3 Nf6 7. 0-0 Nc6 8. Nxc6 dxc6 9. f4 Bc5+ 10. Kh1 b5 11. e5 Nd5 12. Ne4 Be7 13. Bd2 c5 14. Qg4 g6 15. c4 h5 16. Qg3 h4 17. Qg4 bxc4 18. Bxc4 Bb7 19. Bd3 h3 1/2-1/2

[Event "Czechia KP-chTB 0607"]
[Site "Czech Republic"]
[Date "2006.12.10"]
[Round "4.4"]
[White "Macek, Kamil"]
[Black "Vajcner, Jiri"]
[Result "1/2-1/2"]
[WhiteElo "1908"]
[BlackElo "1889"]
[PlyCount "24"]
[EventDate "2006.10.29"]
[EventType "team-tourn"]
[EventRounds "11"]
[EventCountry "CZE"]
[SourceTitle "EXT 2008"]
[Source "ChessBase"]
[SourceDate "2007.11.25"]
[SourceVersion "1"]
[SourceVersionDate "2007.11.25"]
[SourceQuality "1"]
[WhiteTeam "Podebrady"]
[BlackTeam "Lysa nad Labem"]
[WhiteTeamCountry "CZE"]
[BlackTeamCountry "CZE"]

1. e4 e5 2. Nf3 Nf6 3. Nxe5 d6 4. Nf3 Nxe4 5. d4 d5 6. Bd3 Bd6 7. c4 c6 8. h3 0-0 9. 0-0 Bf5 10. Qc2 Bg6 11. c5 Bc7 12. Nc3 f5 1/2-1/2

[Event "CZE-chT3A Middle 0506  "]
[Site "Czech Republic"]
[Date "2006.03.05"]
[Round "9.7"]
[White "Vajcner, Jiri"]
[Black "Doubek, Martin"]
[Result "1-0"]
[WhiteElo "1932"]
[BlackElo "1697"]
[PlyCount "73"]
[EventDate "2005.10.30"]
[EventType "team-tourn"]
[EventRounds "11"]
[EventCountry "CZE"]
[SourceTitle "EXT 2009"]
[Source "ChessBase"]
[SourceDate "2008.11.26"]
[SourceVersion "1"]
[SourceVersionDate "2008.11.26"]
[SourceQuality "1"]

1. e4 c5 2. c3 d5 3. exd5 Qxd5 4. d4 Nc6 5. Nf3 Nf6 6. Be2 e6 7. 0-0 Be7 8. Be3 cxd4 9. cxd4 0-0 10. Nc3 Qd8 11. a3 Nd5 12. Qc2 Nxe3 13. fxe3 Bf6 14. Rad1 Bd7 15. Ne4 Ne7 16. Nxf6+ gxf6 17. Bd3 f5 18. e4 Rc8 19. Qf2 Kh8 20. Ne5 Ba4 21. Rd2 f6 22. Nf3 fxe4 23. Bxe4 Bc6 24. Bb1 Ng6 25. Qe3 Qd7 26. Rdf2 Bd5 27. h4 Rg8 28. h5 Nf8 29. Nh4 Qg7 30. Qh3 Qg4 31. Ng6+ Rxg6 32. hxg6 Qxh3 33. gxh3 hxg6 34. Rxf6 Nd7 35. Rxg6 Kh7 36. Rxe6+ Kh8 37. Rh6+ 1-0